Normal view
MARC view
Entry Uniform Title
001 - CONTROL NUMBER
- control field: 11984
003 - CONTROL NUMBER IDENTIFIER
- control field: ARRUPE
005 - DATE AND TIME OF LATEST TRANSACTION
- control field: 20141002150555.0
008 - FIXED-LENGTH DATA ELEMENTS
- fixed length control field: 141002|| aca||aabn | a|a d
040 ## - CATALOGING SOURCE
- Original cataloging agency: ARRUPE
- Transcribing agency: ARRUPE
130 ## - HEADING--UNIFORM TITLE
- Uniform title: Nicene Creed.
670 ## - SOURCE DATA FOUND
- Source citation: Work cat.: (ARRUPE)0: Confessing the one faith :, c1991.